00387nam a2200121Ia 45000010005000000080041000050820022000461000016000682450117000842600022002019010027002239990015002503886241024s9999 xx 000 0 und d aRD/923.97293/I74p aMinerva Isa 0aEl País que Duarte Soñó. Recopilación de los artículos publicados en las páginas del periódico Hoy bEditora Hoyc2013 a28/1/2015 9:36:40 a.m. c7631d7631